Central Library, Doon University
WEBOPAC (ONLINE PUBLIC ACCESS CATALOGUE)

Water Resources Systems Planning And Management (Record no. 60722)

MARC details
000 -LEADER
fixed length control field 00550nam a22002057a 4500
005 - DATE & TIME
control field 20260423164205.0
008 - FIXED-LENGTH DATA ELEMENTS--GENERAL INFORMATION
fixed length control field 260423b |||||||| |||| 00| 0 eng d
020 ## - ISBN
International Standard Book Number 9788131271568
Price 4495.00
040 ## - CATALOGING SOURCE
Original cataloging agency Doon University
041 ## - Language
Language English
082 ## - DDC NUMBER
Classification number 333.91009
Book Number JAI
100 ## - MAIN ENTRY--PERSONAL NAME
Personal name Jain, Sharad K.
245 ## - TITLE STATEMENT
Title Water Resources Systems Planning And Management
250 ## - EDITION STATEMENT
Edition statement 2nd
260 ## - PUBLICATION, DISTRIBUTION, ETC. (IMPRINT)
Place of publication, distribution, etc New Delhi
Name of publisher, distributor, etc Elsevier
Date of publication, distribution, etc 2024
300 ## - PHYSICAL DESCRIPTION
Pages 921
650 ## - Subject
Subject Environment Science (PM USHA)
700 ## - Added Entry Personal Name
Added Entry Personal Name Singh, Vijay P.
942 ## - ADDED ENTRY ELEMENTS (KOHA)
Koha item type Books
100 ## - MAIN ENTRY--PERSONAL NAME
-- 26733
650 ## - Subject
-- 26725
700 ## - Added Entry Personal Name
-- 26734
952 ## - LOCATION AND ITEM INFORMATION (KOHA)
-- 2026-04-23
952 ## - LOCATION AND ITEM INFORMATION (KOHA)
-- 2026-04-23
952 ## - LOCATION AND ITEM INFORMATION (KOHA)
-- 2026-04-23
Holdings
Withdrawn status Lost status Source of classification or shelving scheme Damaged status Not for loan Location (home branch) Sublocation or collection (holding branch) Date acquired Koha issues (times borrowed) Koha full call number Accession No. Koha date last seen Koha item type
          Doon University Doon University 23.04.2026   333.91009 JAI 32880 23.04.2026 Books
          Doon University Doon University 23.04.2026   333.91009 JAI 32881 23.04.2026 Books
          Doon University Doon University 23.04.2026   333.91009 JAI 32882 23.04.2026 Books
Contact : +91-135-2533126 (Library),+91-135-2533105 (Admin Office) , Email : doonlibrary@gmail.com

Powered by Koha